A Patient's guide to the National Health Service (Record no. 4423)

000 -LEADER
fixed length control field 00751nam a22002531a 4500
003 - CONTROL NUMBER IDENTIFIER
control field ALUPE UNIVERSITY
005 - DATE AND TIME OF LATEST TRANSACTION
control field 20220323095941.0
008 - FIXED-LENGTH DATA ELEMENTS--GENERAL INFORMATION
fixed length control field 500101s1983 enka 001 0 eng d
020 ## - INTERNATIONAL STANDARD BOOK NUMBER
International Standard Book Number 0340335467
040 ## - CATALOGING SOURCE
Transcribing agency ALUPE UNIVERSITY
043 ## - GEOGRAPHIC AREA CODE
Geographic area code e-uk---
049 ## - LOCAL HOLDINGS (OCLC)
Holding library CU
Local processing data b
050 #0 - LIBRARY OF CONGRESS CALL NUMBER
Classification number RA395
Item number .P381983
080 ## - UNIVERSAL DECIMAL CLASSIFICATION NUMBER
Universal Decimal Classification number 614.39
092 ## - LOCALLY ASSIGNED DEWEY CALL NUMBER (OCLC)
Classification number D0501888855
245 02 - TITLE STATEMENT
Title A Patient's guide to the National Health Service
260 ## - PUBLICATION, DISTRIBUTION, ETC.
Place of publication, distribution, etc. London :
Name of publisher, distributor, etc. Consumers' Association and Hodder & Stoughton,
Date of publication, distribution, etc. c1983.
300 ## - PHYSICAL DESCRIPTION
Extent 223 p :
Other physical details ill ;
Dimensions 20 cm
504 ## - BIBLIOGRAPHY, ETC. NOTE
Bibliography, etc. note Includes index
650 #0 - SUBJECT ADDED ENTRY--TOPICAL TERM
Topical term or geographic name entry element National health services
Geographic subdivision Great Britain
710 2# - ADDED ENTRY--CORPORATE NAME
Corporate name or jurisdiction name as entry element Consumers' Association.
942 ## - ADDED ENTRY ELEMENTS (KOHA)
Source of classification or shelving scheme
Koha item type Book
Holdings
Withdrawn status Lost status Source of classification or shelving scheme Damaged status Not for loan Permanent Location Current Location Shelving location Date acquired Source of acquisition Total Checkouts Full call number Barcode Date last seen Price effective from Koha item type Public note
          AU LIBRARY AU LIBRARY Open Shelf 23.03.2022 DONATION FROM MOI UNIVERSITY   RA395 .P38 1983 28006333 23.03.2022 23.03.2022 Book WO

Powered by Koha